| 000 | 00471nam a22001217a 4500 | ||
|---|---|---|---|
| 008 | 230609b |||||||| |||| 00| 0 eng d | ||
| 040 |
_aNational Science Library _cNational Science Library |
||
| 080 | _a62 | ||
| 245 |
_aDevelopment programme for the engineering industries: _bMetallurgical and heavy engineering industries _c/ Engineering Export Promotion Council |
||
| 260 |
_aCalcutta; _bEngineering Export Promotion Council, |
||
| 650 | _aScience | ||
| 942 |
_2udc _cREP |
||
| 999 |
_c41595 _d41595 |
||